Statistiques concernant Pays ou il y a le plus d'Allemands

Cliquez ici pour prendre le quiz!

Statistiques générales

  • Ce quiz a été pris 314 fois
  • Le résultat moyen est 6 sur 9

Statistiques - réponses

NombrePays% Correct
60 814 000Allemagne
99%
1 000 000France
97%
41 222 462États-Unis
92%
3 322 405Canada
77%
394 000Russie
70%
15 000 000Brésil
65%
1 500 000Argentine
59%
500 000Chili
37%
181 000Kazakhstan
3%

Distribution des résultats

Percentile par nombre de réponses

% des personnes avec chaque résultat

Votre développement - résultats

Vous n’avez pas pris ce quiz